Countries With the Lowest, Non-Zero Percentage of Inland H2O - Statistics

General Stats
  • This quiz has been taken 9 times
  • The average score is 4 of 15
Answer Stats
Area Water Percent Water Answer % Correct
950 0.22% Iraq
75%
300 0.02% Niger
75%
250 0.06% Morocco
63%
2,425 0.12% Namibia
50%
620 0.23% Burkina Faso
25%
10 0.11% Cyprus
25%
20 0.09% Djibouti
25%
500 0.15% Republic of the Congo
25%
140 0.06% Guinea
13%
120 0.17% Sierra Leone
13%
500 0.13% Azerbaijan
0%
10 0.02% Bosnia and Herzegovina
0%
40 0.08% Costa Rica
0%
200 0.18% Honduras
0%
115 0.13% Serbia
0%
No matching quizzes found
Score Distribution
Percent of People with Each Score
Percentile by Number Answered
Your Score History
You have not taken this quiz